| 000 | 00455pam a2200169 a 4500 | ||
|---|---|---|---|
| 020 |
_a81-317-1545-0 _c |
||
| 041 | _h | ||
| 082 |
_a005.13 _bCAL |
||
| 100 | _aCALLAWAY D. R. | ||
| 245 |
_aINSIDE SERVLETS SERVER SIDE PROGRAMMING FOR THE JAVA PLATFORM/ _hTextual Documents |
||
| 250 | _a01-01-2007. | ||
| 260 | _bPEARSON EDUCATION, NEW DELHI | ||
| 300 |
_aXIX/434 _c24 X 18 _e1 CD |
||
| 500 | _a12130 | ||
| 653 | _aProgramming Language | ||
| 930 | _a11664 | ||
| 999 |
_c54889 _d54889 |
||